[Event "Bohumin op 5th"]
[Site "Bohumin"]
[Date "2022.07.05"]
[Round "4"]
[White "Kijonka, Ondrej"]
[Black "Kolar, Stanislav"]
[Result "0-1"]
[WhiteElo "1683"]
[BlackElo "1964"]
[PlyCount "132"]
[EventDate "2022.07.02"]
[EventType "swiss"]
[EventRounds "9"]
[EventCountry "CZE"]
[SourceTitle "CBM 209 Extra"]
[Source "ChessBase"]
[SourceDate "2022.09.30"]
[SourceVersion "1"]
[SourceVersionDate "2022.09.30"]
[SourceQuality "1"]

1. e4 c5 2. Nf3 e6 3. c4 Nc6 4. Nc3 a6 5. d3 Qc7 6. g3 Nf6 7. Bg2 Be7 8. 0-0 0-0 9. Re1 d6 10. Bg5 h6 11. Bf4 e5 12. Be3 Nd4 13. Qd2 Bg4 14. Bxd4 cxd4 15. Ne2 a5 16. Nh4 Qd7 17. a3 Nh7 18. Nf5 Bf6 19. h3 Bxf5 20. exf5 Qxf5 21. Bxb7 Ng5 22. h4 Nf3+ 23. Bxf3 Qxf3 24. Kf1 g5 25. Ng1 Qf5 26. hxg5 hxg5 27. Qe2 Rab8 28. Rab1 Rb3 29. Red1 Rfb8 30. g4 Qd7 31. f3 Qb7 32. Qe1 Rxb2 33. Rxb2 Qxb2 34. Qxa5 Rb3 35. a4 Qa2 36. Rd2 Qa1+ 37. Kg2 Rb1 38. Nh3 Rh1 39. Rf2 Rd1 40. Qa6 Qa3 41. a5 Kg7 42. Qa8 Ra1 43. Rf1 Rxf1 44. Kxf1 Qxd3+ 45. Kg2 e4 46. fxe4 Qe2+ 47. Nf2 d3 48. Qd5 d2 49. a6 Qe3 50. a7 Bd4 51. Qxd4+ Qxd4 52. a8Q Qxf2+ 53. Kxf2 d1Q 54. Qd5 Qxd5 55. exd5 Kf6 56. Ke3 Ke5 57. Kd3 f5 58. gxf5 Kxf5 59. Kd4 g4 60. c5 dxc5+ 61. Kxc5 g3 62. d6 g2 63. d7 g1Q+ 64. Kc6 Qd4 65. Kc7 Qc5+ 66. Kb7 Qd6 0-1

[Event "Bohumin op 4th"]
[Site "Bohumin"]
[Date "2021.07.11"]
[Round "9"]
[White "Kijonka, Ondrej"]
[Black "Dylong, Antoni"]
[Result "1/2-1/2"]
[WhiteElo "1518"]
[BlackElo "1487"]
[PlyCount "80"]
[EventDate "2021.07.03"]
[EventType "swiss"]
[EventRounds "9"]
[EventCountry "CZE"]
[SourceTitle "CBM 203 Extra"]
[Source "ChessBase"]
[SourceDate "2021.09.30"]
[SourceVersion "1"]
[SourceVersionDate "2021.09.30"]
[SourceQuality "1"]

1. e4 c5 2. Nc3 Nc6 3. f4 e6 4. Nf3 d5 5. e5 Nge7 6. d3 Nf5 7. Be2 Qb6 8. b3 Ncd4 9. Bd2 Bd7 10. 0-0 c4 11. Kh1 Nxe2 12. Qxe2 d4 13. Ne4 c3 14. Bc1 h5 15. Qf2 Be7 16. a4 a5 17. Ba3 Bxa3 18. Rxa3 h4 19. h3 Bc6 20. Nfg5 Qb4 21. Raa1 Qe7 22. Rfe1 0-0-0 23. Kh2 b6 24. Rab1 Kc7 25. Ra1 Rhg8 26. Nf3 Rh8 27. Neg5 Bxf3 28. Qxf3 Ne3 29. Qf2 Rh6 30. Nf3 Nf5 31. Re4 Qc5 32. Ree1 Rd7 33. Re2 Rh8 34. Ree1 Qe7 35. Re4 Rhd8 36. Ng5 Qf8 37. Ree1 Qh8 38. Nf3 Qh6 39. Ng5 Ng3 40. Rab1 Nf5 1/2-1/2

[Event "Bohumin op 4th"]
[Site "Bohumin"]
[Date "2021.07.10"]
[Round "8"]
[White "Cubok, Zdenek"]
[Black "Kijonka, Ondrej"]
[Result "1-0"]
[WhiteElo "1711"]
[BlackElo "1518"]
[PlyCount "99"]
[EventDate "2021.07.03"]
[EventType "swiss"]
[EventRounds "9"]
[EventCountry "CZE"]
[SourceTitle "CBM 203 Extra"]
[Source "ChessBase"]
[SourceDate "2021.09.30"]
[SourceVersion "1"]
[SourceVersionDate "2021.09.30"]
[SourceQuality "1"]

1. d4 Nf6 2. Nc3 e6 3. Bg5 Bb4 4. a3 Bxc3+ 5. bxc3 h6 6. Bc1 d6 7. Qd3 Nbd7 8. Nf3 b6 9. Nd2 Bb7 10. f3 e5 11. e4 d5 12. exd5 Nxd5 13. Ne4 0-0 14. g3 Re8 15. c4 N5f6 16. d5 Nxe4 17. fxe4 Nc5 18. Qf3 Qd6 19. Bd3 Nxd3+ 20. cxd3 c6 21. 0-0 cxd5 22. Qxf7+ Kh7 23. Qxb7 dxc4 24. Qd5 Qxd5 25. exd5 cxd3 26. Rf7 Kg6 27. Rd7 Red8 28. Rxd8 Rxd8 29. Kf2 Rxd5 30. Ke3 Rd7 31. Bb2 Kf5 32. Rd1 d2 33. Rxd2 Rxd2 34. Kxd2 Ke4 35. Ke2 b5 36. h4 g6 37. Bc1 h5 38. Be3 a6 39. Bb6 Kf5 40. Kf3 g5 41. Ba5 gxh4 42. gxh4 e4+ 43. Ke3 Kg4 44. Be1 Kf5 45. Kd4 Kf4 46. Kc5 Kf3 47. Kb6 Ke2 48. Bb4 Kf2 49. Kxa6 e3 50. Kxb5 1-0

[Event "Bohumin op 4th"]
[Site "Bohumin"]
[Date "2021.07.08"]
[Round "6"]
[White "Pilch, Roman"]
[Black "Kijonka, Ondrej"]
[Result "1-0"]
[WhiteElo "2131"]
[BlackElo "1518"]
[PlyCount "83"]
[EventDate "2021.07.03"]
[EventType "swiss"]
[EventRounds "9"]
[EventCountry "CZE"]
[SourceTitle "CBM 203 Extra"]
[Source "ChessBase"]
[SourceDate "2021.09.30"]
[SourceVersion "1"]
[SourceVersionDate "2021.09.30"]
[SourceQuality "1"]

1. Nf3 d5 2. c4 d4 3. b4 e6 4. Bb2 Bxb4 5. Qa4+ Nc6 6. Nxd4 Bf8 7. Nxc6 Qd7 8. g3 Qxc6 9. Qxc6+ bxc6 10. Bg2 Bd7 11. 0-0 Rb8 12. Be5 Rc8 13. Nc3 f6 14. Bd4 a6 15. Rab1 a5 16. Rb3 Nh6 17. Ne4 Nf5 18. Bc3 a4 19. Rb7 Nd6 20. Nxd6+ cxd6 21. Rfb1 d5 22. Ra7 a3 23. Rbb7 Bc5 24. Rxd7 Bxa7 25. Rxa7 0-0 26. Bh3 Rfe8 27. Rxa3 Kf7 28. Ra7+ Re7 29. Rxe7+ Kxe7 30. cxd5 cxd5 31. a3 g6 32. e3 f5 33. Bf1 Rb8 34. a4 Kd6 35. f4 Rb1 36. a5 Kc7 37. Kf2 Rb7 38. a6 Ra7 39. Bd4 Ra8 40. Bb5 Kd6 41. a7 Kc7 42. Ke2 1-0

[Event "Bohumin op 4th"]
[Site "Bohumin"]
[Date "2021.07.03"]
[Round "1"]
[White "Kijonka, Ondrej"]
[Black "Zabystrzan, Pavel"]
[Result "0-1"]
[WhiteElo "1518"]
[BlackElo "2214"]
[PlyCount "82"]
[EventDate "2021.07.03"]
[EventType "swiss"]
[EventRounds "9"]
[EventCountry "CZE"]
[SourceTitle "CBM 203 Extra"]
[Source "ChessBase"]
[SourceDate "2021.09.30"]
[SourceVersion "1"]
[SourceVersionDate "2021.09.30"]
[SourceQuality "1"]

1. e4 c6 2. Nf3 d5 3. Nc3 Bg4 4. exd5 cxd5 5. d4 Nc6 6. Be2 e6 7. a3 Bd6 8. h3 Bh5 9. Be3 Nf6 10. 0-0 0-0 11. Nh2 Bxe2 12. Nxe2 Rc8 13. c3 Qc7 14. Nf3 a6 15. Qc1 Na5 16. Rb1 Ne4 17. Bf4 Nb3 18. Qe3 b5 19. Bxd6 Qxd6 20. Nc1 Na5 21. Qe2 Nc4 22. Ra1 Rc7 23. Nb3 Qb6 24. Ne5 Nxe5 25. dxe5 Ng3 26. Qg4 Nxf1 27. Rxf1 a5 28. Nd4 b4 29. axb4 axb4 30. Ne2 bxc3 31. bxc3 f5 32. Qg5 Rc6 33. Kh1 Qd8 34. Qg3 Qc8 35. Rc1 Rc4 36. Nf4 Rf7 37. Kh2 d4 38. Ne2 dxc3 39. Rxc3 Rxc3 40. Nxc3 Qc4 41. Qf3 Qd4 0-1

[Event "CZE-ch Betsys Online Blitz"]
[Site "Chess.com INT"]
[Date "2021.04.17"]
[Round "9"]
[White "Kijonka, Ondrej"]
[Black "Strasil, Pavel"]
[Result "0-1"]
[WhiteElo "1518"]
[BlackElo "2027"]
[PlyCount "126"]
[EventDate "2021.04.17"]
[EventType "swiss (blitz)"]
[EventRounds "13"]
[EventCountry "CZE"]
[SourceTitle "CBM 201 Extra"]
[Source "ChessBase"]
[SourceDate "2021.05.31"]
[SourceVersion "1"]
[SourceVersionDate "2021.05.31"]
[SourceQuality "1"]

1. e4 e6 2. Nf3 d5 3. Nc3 d4 4. Ne2 c5 5. d3 Nc6 6. Bf4 Nf6 7. Ne5 Nxe5 8. Bxe5 Bd6 9. Bxd6 Qxd6 10. Ng3 e5 11. Be2 0-0 12. 0-0 b5 13. a3 Bd7 14. b4 a5 15. bxc5 Qxc5 16. Nh5 Nxh5 17. Bxh5 Rfc8 18. Ra2 Be6 19. Rb2 b4 20. axb4 axb4 21. Bg4 Bxg4 22. Qxg4 Qc3 23. Rfb1 Qxb2 24. Qxc8+ Rxc8 25. Rxb2 f6 26. f3 Rc3 27. Kf2 b3 28. cxb3 Rxd3 29. b4 Ra3 30. b5 Ra7 31. Ke2 Kf7 32. Kd3 Ke6 33. Kc4 Rc7+ 34. Kb4 Kd7 35. b6 Rc1 36. Ka5 Kc8 37. b7+ Kb8 38. Kb6 Rc7 39. Ka6 d3 40. Rd2 Rc3 41. Kb6 Rb3+ 42. Kc6 h6 43. h3 Rxb7 44. Rxd3 Kc8 45. Rd2 Rc7+ 46. Kb6 Rc3 47. Kb5 Kc7 48. Kb4 Re3 49. Rc2+ Kd6 50. Rd2+ Ke7 51. Kc4 h5 52. Kc5 g5 53. Kc6 Rc3+ 54. Kb5 Re3 55. Kc4 g4 56. Kc5 gxf3 57. gxf3 Rxf3 58. h4 Rf4 59. Kc6 Rxe4 60. Rd7+ Ke6 61. Rd6+ Kf5 62. Kd5 Rd4+ 63. Kc5 Rxd6 0-1

[Event "CZE-ch Betsys Online Blitz"]
[Site "Chess.com INT"]
[Date "2021.04.17"]
[Round "13"]
[White "Mikolas, Petr"]
[Black "Kijonka, Ondrej"]
[Result "0-1"]
[WhiteElo "1469"]
[BlackElo "1518"]
[PlyCount "46"]
[EventDate "2021.04.17"]
[EventType "swiss (blitz)"]
[EventRounds "13"]
[EventCountry "CZE"]
[SourceTitle "CBM 201 Extra"]
[Source "ChessBase"]
[SourceDate "2021.05.31"]
[SourceVersion "1"]
[SourceVersionDate "2021.05.31"]
[SourceQuality "1"]

1. e4 e6 2. d4 d5 3. exd5 exd5 4. c4 Nf6 5. Nf3 Bb4+ 6. Bd2 Bxd2+ 7. Qxd2 c6 8. Nc3 Bg4 9. h3 Bxf3 10. g3 Bxh1 11. cxd5 Bxd5 12. Qe3+ Qe7 13. Nxd5 Nxd5 14. Qxe7+ Kxe7 15. Bc4 Re8 16. 0-0-0 Kd6 17. Kc2 b5 18. Bf1 Nd7 19. Bg2 N7f6 20. f4 Re2+ 21. Rd2 Ne3+ 22. Kd3 Rxd2+ 23. Kxd2 Nxg2 0-1

[Event "CZE-ch Betsys Online Blitz"]
[Site "Chess.com INT"]
[Date "2021.04.17"]
[Round "5"]
[White "Nikolinko, Tomas"]
[Black "Kijonka, Ondrej"]
[Result "1-0"]
[WhiteElo "1229"]
[BlackElo "1518"]
[PlyCount "67"]
[EventDate "2021.04.17"]
[EventType "swiss (blitz)"]
[EventRounds "13"]
[EventCountry "CZE"]
[SourceTitle "CBM 201 Extra"]
[Source "ChessBase"]
[SourceDate "2021.05.31"]
[SourceVersion "1"]
[SourceVersionDate "2021.05.31"]
[SourceQuality "1"]

1. b3 b6 2. Bb2 Bb7 3. Nc3 Nf6 4. e3 e6 5. Nf3 Be7 6. Be2 0-0 7. 0-0 Nc6 8. d4 d5 9. Bb5 Nb4 10. Ba3 c6 11. Be2 c5 12. dxc5 bxc5 13. Bxb4 cxb4 14. Nb5 a6 15. Nbd4 Rc8 16. Ne5 Bd6 17. f4 Ne4 18. Bd3 Bxe5 19. fxe5 a5 20. Bxe4 dxe4 21. Rc1 Rc3 22. Re1 Qb6 23. Qg4 Ba6 24. Kf2 Rfc8 25. Qd1 Qc5 26. Qd2 Qxe5 27. g3 Qf6+ 28. Kg2 e5 29. Rf1 Qb6 30. Qf2 Qa7 31. Ne2 Qxe3 32. Qxf7+ Kh8 33. Qf8+ Rxf8 34. Rxf8# 1-0

[Event "Bohumin op 3rd"]
[Site "Bohumin"]
[Date "2020.07.19"]
[Round "2"]
[White "Czerw, Dawid"]
[Black "Kijonka, Ondrej"]
[Result "1-0"]
[WhiteElo "2287"]
[BlackElo "1544"]
[PlyCount "39"]
[EventDate "2020.07.18"]
[EventType "swiss"]
[EventRounds "9"]
[EventCountry "CZE"]
[SourceTitle "CBM 197 Extra"]
[Source "ChessBase"]
[SourceDate "2020.09.30"]
[SourceVersion "1"]
[SourceVersionDate "2020.09.30"]
[SourceQuality "1"]

1. d4 Nf6 2. c4 c5 3. d5 e6 4. Nc3 b6 5. e4 d6 6. dxe6 fxe6 7. e5 dxe5 8. Qf3 Qd7 9. Bg5 Bb7 10. Qh3 Be7 11. Rd1 Qc8 12. Bd3 h6 13. Bg6+ Kf8 14. Nf3 Nc6 15. 0-0 Kg8 16. Bc1 Bd8 17. Nb5 Be7 18. Nd6 Bxd6 19. Rxd6 Nd8 20. Rxd8+ 1-0

[Event "CZE-chT2F 1920"]
[Site "Czech Republic"]
[Date "2020.02.09"]
[Round "8.7"]
[White "Schoupal, Patrik"]
[Black "Kijonka, Ondrej"]
[Result "1-0"]
[WhiteElo "1993"]
[BlackElo "1555"]
[PlyCount "57"]
[EventDate "2019.10.13"]
[EventType "team-tourn"]
[EventRounds "11"]
[EventCountry "CZE"]
[SourceTitle "EXT 2024"]
[Source "ChessBase"]
[SourceDate "2023.10.10"]
[SourceVersion "1"]
[SourceVersionDate "2023.10.10"]
[SourceQuality "1"]
[WhiteTeam "Trinec II"]
[BlackTeam "Havirov Banik"]
[WhiteTeamCountry "CZE"]
[BlackTeamCountry "CZE"]

1. e4 c5 2. d4 cxd4 3. c3 Nf6 4. e5 Nd5 5. Nf3 d6 6. exd6 Qxd6 7. Qxd4 Nc6 8. Bb5 a6 9. Bxc6+ Qxc6 10. Ne5 Qd6 11. 0-0 e6 12. Rd1 Qc7 13. Nd3 b5 14. a4 bxa4 15. Rxa4 Bd7 16. Rc4 Qd8 17. Qe4 Be7 18. Ne5 Rc8 19. Rcd4 Rc7 20. Bf4 Ra7 21. Na3 Qc8 22. Nac4 Bc5 23. Rxd5 exd5 24. Qxd5 Be6 25. Nd6+ Bxd6 26. Qxd6 Qc7 27. Qa3 Qe7 28. Nc6 Qxa3 29. Rd8# 1-0

[Event "Bohumin op 2nd"]
[Site "Bohumin"]
[Date "2019.06.22"]
[Round "1"]
[White "Kijonka, Ondrej"]
[Black "Dobrovolsky, Ladislav"]
[Result "0-1"]
[WhiteElo "1583"]
[BlackElo "2264"]
[PlyCount "106"]
[EventDate "2019.06.22"]
[EventType "swiss"]
[EventRounds "9"]
[EventCountry "CZE"]
[SourceTitle "CBM 191 Extra"]
[Source "ChessBase"]
[SourceDate "2019.09.30"]
[SourceVersion "1"]
[SourceVersionDate "2019.09.30"]
[SourceQuality "1"]

1. d4 Nf6 2. c4 d6 3. Nc3 Nbd7 4. Nf3 e5 5. e3 Be7 6. Bd3 0-0 7. 0-0 Re8 8. b3 Bf8 9. Nd2 g6 10. Nde4 Nxe4 11. Bxe4 Bg7 12. Bb2 Nf6 13. Bc2 Bd7 14. h3 c6 15. Qf3 Qe7 16. dxe5 dxe5 17. e4 Nh5 18. Rad1 Rad8 19. Rfe1 Nf4 20. Ne2 Ne6 21. Qg3 Qc5 22. Bc3 Bc8 23. Rxd8 Rxd8 24. Rd1 Rxd1+ 25. Bxd1 a5 26. Kh2 Qd6 27. Bc2 b6 28. Qe3 Nd4 29. Bb1 f5 30. Kh1 f4 31. Qd3 c5 32. Bb2 f3 33. Nxd4 fxg2+ 34. Kxg2 exd4 35. Bc1 Be5 36. Qf3 g5 37. Bd3 Qg6 38. Be2 Bb7 39. Bd3 h5 40. Kf1 Kg7 41. Qg2 Bf4 42. Bxf4 gxf4 43. Qf3 Qg5 44. Be2 Kh6 45. Ke1 Qe5 46. Bd3 Kg5 47. Qg2+ Kh4 48. f3 Qg5 49. Kf1 Qxg2+ 50. Kxg2 Bc8 51. e5 Bxh3+ 52. Kh2 Be6 53. Kg2 Kg5 0-1

[Event "CZE-chT U18 Extraliga Ost 1819"]
[Site "Czech Republic"]
[Date "2018.10.07"]
[Round "4.6"]
[White "Steinova, Kamila"]
[Black "Kijonka, Ondrej"]
[Result "1/2-1/2"]
[WhiteElo "1367"]
[BlackElo "1441"]
[PlyCount "78"]
[EventDate "2018.10.05"]
[EventType "team-tourn"]
[EventRounds "11"]
[EventCountry "CZE"]
[SourceTitle "EXT 2023"]
[Source "ChessBase"]
[SourceDate "2022.10.05"]
[SourceVersion "1"]
[SourceVersionDate "2022.10.05"]
[SourceQuality "1"]
[WhiteTeam "Vlasim (U18)"]
[BlackTeam "Orlova Slavia (U18)"]
[WhiteTeamCountry "CZE"]
[BlackTeamCountry "CZE"]

1. e4 c5 2. d4 cxd4 3. Qxd4 Nc6 4. Qd1 Nf6 5. Nc3 g6 6. Bc4 Bg7 7. Nge2 0-0 8. 0-0 d6 9. Bg5 Bd7 10. Ng3 Rc8 11. Bb3 a6 12. Re1 Re8 13. Rb1 Ne5 14. Be3 Nc4 15. Qe2 Nxe3 16. Qxe3 Ng4 17. Qd2 Ne5 18. a3 Nc4 19. Bxc4 Rxc4 20. Nd5 e6 21. Nb4 Qc7 22. c3 Qb6 23. Qe3 Qxe3 24. Rxe3 Bh6 25. Rd3 Bf8 26. h3 Bb5 27. Re3 Bh6 28. Ree1 Rc5 29. Red1 Rd8 30. Rd4 Bg7 31. Rd2 a5 32. Nc2 Ba4 33. Ne3 Bb3 34. Ne2 Re5 35. Ng3 Rc5 36. Nc2 Bh6 37. Re2 Bc4 38. Ree1 Bd3 39. b4 Rxc3 1/2-1/2

[Event "Orlova op 13th"]
[Site "Orlova"]
[Date "2016.05.27"]
[Round "7"]
[White "Kijonka, Ondrej"]
[Black "Demkova, Ester"]
[Result "1-0"]
[WhiteElo "1307"]
[BlackElo "1254"]
[PlyCount "27"]
[EventDate "2016.05.21"]
[EventType "swiss"]
[EventRounds "9"]
[EventCountry "CZE"]
[SourceTitle "EXT 2017"]
[Source "ChessBase"]
[SourceDate "2016.10.25"]
[SourceVersion "1"]
[SourceVersionDate "2016.10.25"]
[SourceQuality "1"]

1. e4 e5 2. Nf3 Nc6 3. Bc4 Nf6 4. Ng5 d5 5. exd5 Nxd5 6. Nxf7 Kxf7 7. Qf3+ Ke8 8. Bxd5 Qe7 9. Bxc6+ Bd7 10. Bxd7+ Qxd7 11. Qh5+ Qf7 12. Qxe5+ Qe7 13. Qxe7+ Bxe7 14. Nc3 1-0

[Event "Orlova op-A 12th"]
[Site "Orlova"]
[Date "2015.05.29"]
[Round "6"]
[White "Kijonka, Ondrej"]
[Black "Petrov, Nikolaj"]
[Result "0-1"]
[WhiteElo "1342"]
[BlackElo "1717"]
[PlyCount "58"]
[EventDate "2015.05.24"]
[EventType "swiss"]
[EventRounds "9"]
[EventCountry "CZE"]
[SourceTitle "CBM 166 Extra"]
[Source "ChessBase"]
[SourceDate "2015.06.18"]
[SourceVersion "1"]
[SourceVersionDate "2015.06.18"]
[SourceQuality "1"]

1. e4 Nf6 2. Nc3 d5 3. d3 d4 4. Nce2 c5 5. g3 e5 6. Nf3 Nc6 7. Bg2 Be7 8. 0-0 0-0 9. c3 Bg4 10. cxd4 cxd4 11. Qb3 Qd7 12. Bd2 h6 13. Rac1 Be6 14. Qb5 a5 15. Nxe5 Nxe5 16. Qxe5 Qa4 17. Qxd4 Qxa2 18. e5 Rad8 19. Qc3 Nd7 20. Qxa5 Qxb2 21. Rb1 Qxe5 22. Qxe5 Nxe5 23. Rxb7 Rxd3 24. Bxh6 Bc5 25. Rb5 Rc8 26. Bf4 Nf3+ 27. Kh1 Bc4 28. Ng1 Nxg1 29. Kxg1 Bxb5 0-1